| 000 | 00858na a2200229 4500 | ||
|---|---|---|---|
| 001 | 19107 | ||
| 003 | MIRAKIL | ||
| 005 | 20181213155052.0 | ||
| 008 | 161208b tu 000 0 | ||
| 040 |
_aMilas _btur _cTR-AnCHP |
||
| 041 | _atur | ||
| 082 |
_a334.106 _bT96t 2010 |
||
| 090 | _a334.106 T96t 2010 | ||
| 111 |
_aTürkiye Kent Koopertifleri Merkez Birliği Olağan Genel Kurul Toplantısı _cAnkara _d2009 _n22. |
||
| 245 |
_aTürkiye Kent Koopertifleri Merkez Birliği 22. olağan genel kurul toplantısı _b2009 yılı çalışma raporu _cTürkkent |
||
| 260 |
_aAnkara _bTürkkent _c2010 |
||
| 300 |
_a226 s. _btbl.; res. _c30 sm. |
||
| 610 |
_aTürkiye Kent Koopertifleri Merkez Birliği _xGenel kurul toplantıları |
||
| 650 |
_aKooperatifçilik _xİnşaat ve konut |
||
| 710 | _aTürkiye Kent Koopertifleri Merkez Birliği | ||
| 942 |
_2ddc _cBKS |
||
| 999 |
_c5981 _d5981 |
||